000 01188nam a2200253Ia 4500
999 _c54678
_d54678
001 21745
003 GE_BSU
005 20220207121932.0
008 181216s ||||ge |||||||||||||| ||geo||
040 _cGE_BSU
041 _ageo
080 _a81(479.22)(092) დ-19
100 _aდანელია, კორნელი
_97597
245 _aაკაკი შანიძე :
_b(ცხოვრება და მოღვაწეობა) /
_cკორნელი დანელია, ზურაბ სარჯველაძე ; რედ.: მზ. შანიძე.
264 _aთბილისი :
_bთბილ. უნ-ტის გამ-ბა,
_c1987.
300 _a358 გვ. ;
_c22 სმ.
541 _h7 ლ.
653 _aაკაკი შანიძე : (ცხოვრება და მოღვაწეობა)
653 _aქართველი ენათმეცნიერები
653 _aქართული ენა
700 _aსარჯველაძე, ზურაბ
_eავტორი
_913484
700 _aშანიძე, მზ.
_eრედაქტორი
_913485
942 _cBK
_2udc